Little House Quiz--Books - Statistics

General Stats
  • This quiz has been taken 141 times
  • The average score is 11 of 40
Answer Stats
Hint Answer % Correct
Instrument Pa played Fiddle
81%
Sister who Laura slapped Mary
78%
Sister who slid on the frozen lake with Laura at night Carrie
74%
Laura's beau, then later husband Almanzo Wilder
58%
Type of house they built in Kansas Log cabin
58%
Sister who got lost on the prairie, then found by Laura Grace
53%
Laura's age when she got her first teaching certificate 15
50%
Part of the pig Mary and Laura used for a ball Bladder
49%
New town they lived in and near in Dakota Territory De Smet
46%
Their dog's name Jack
43%
Town they lived near in Minnesota Walnut Grove
43%
Animal Ma slapped, thinking it was the cow Bear
41%
Tennessee wildcat who brought their Christmas presents to the prairie cabin Mr. Edwards
37%
Teacher who didn't like Laura Eliza Jane Wilder
33%
What the family twisted into sticks during the long winter Hay
32%
Type of house where they first lived in Minnesota Dugout
31%
What Laura put too many of in her pocket so that it tore out of her dress Pebbles
27%
What Mary and Laura collected at the Indian camp Beads
26%
Name of Laura's rival (classmate) Nellie Oleson
24%
Town they lived near in Kansas Independence
22%
Laura's classmate who risked his life to fetch the wheat Cap Garland
21%
Town they lived near in Wisconsin Pepin
21%
What the family used to grind wheat during the long winter Coffee grinder
20%
Name of Laura's doll Charlotte
16%
Classmate who had the birthday party in De Smet Ben
14%
Their cat's name in Wisconsin Black Susan
14%
Object that no one but Ma handled China Shepherdess
10%
What Ma called bangs Lunatic fringe
10%
What Mary and Laura spent one of their Christmas pennies on Slate pencil
10%
Name of the horse Laura helped break during singing school Barnum
9%
What Ma, Laura, and Carrie pooled their money to buy Pa for Christmas Suspenders
8%
Town in Iowa where Mary went to the school for the blind Vinton
8%
Family Laura boarded with at her first school Brewsters
7%
Boisterous cousin Laura rode ponies with Lena
7%
Price Pa paid for the cat in De Smet 50 cents
6%
Type of blank book Ma and Pa gave Laura and Carrie Autograph album
6%
What the buttons on Ma's dress looked like Blackberries
6%
Secret admirer gift Laura received at the church Christmas tree Brush and comb
4%
Christmas tree gift Laura got that was nicer than her rival's Fur cape with muff
4%
Indian Chief Soldat du Chene
2%
No matching quizzes found
Score Distribution
Percent of People with Each Score
Percentile by Number Answered
Your Score History
You have not taken this quiz